000 nam a22 a 4500
999 _c146476
_d146476
003 BLK
005 20230425102728.0
008 180410b bul|||||r ||||||| ||bul||
010 _aKNG00152665000
040 _aBLK
041 _aBUL
_cBUL
080 _aВътрешна политика. Вж и 329
_b323
_x(47+57)
_z323(47+57)
100 1 _aВосленски, Михаил
_eпърви автор
_949362
139 _aВосленски, Михаил
_bВ 84
245 1 0 _aНоменклатурата
_bГосподствуващата класа в СССР : Изследване : Т. 1 - 2
_cМихаил Восленски; прев. от рус. София Бранц.
_nТ. 2
257 _aBGR
260 _aСофия
_bХристо Ботев
_c1993
300 _c20 см
380 _a3
490 _aПоредица Тоталитарното общество
_9203187
650 4 _aСССР - вътрешна политика
_9256441
653 _aСССР
653 _aвътрешна политика
653 _aноменклатура
700 1 _aБранц, София
_eпрев. от рус.
_9376045
760 1 _aВосленски, Михаил
_h319 с.
_nБиблиогр. с. 307-314
_tТ. 2
852 _aЦб 173809
_bЦб
856 4 _qpdf
_i0.00
_ldisable
856 4 _qpdf
_i0.00
_ldisable
942 _cKNG
_n0
_s1
944 _aCR
_c27.09.2016
_kХристина_Везирева
944 _aED
_c27.09.2016
_kХристина_Везирева
999 _d146476